コンテンツを見る

Современный взгляд на вопросы фармакогеномики антипсихотических препаратов в терапии шизофрении учебное пособие

Учебное пособие подготовлено в соответствии с требованиями ФГОС ВО 3++ по специальности 31.05.01 «Лечебное дело», для изучения дисциплины «Психиатрия, медицинская психология» на основании рабочей программы «Психиатрия, медицинская психология» и действующего учебного плана. В пособии излагаются вопро...

詳細記述

保存先:
書誌詳細
第一著者: Гареева А. Э.
その他の著者: Джемилева Л. У., Тимербулатов И. Ф., Евтушенко Е. М., Тимербулатова М. Ф.
フォーマット: Книга
言語:Russian
出版事項: Уфа БГМУ 2021
オンライン・アクセス:https://e.lanbook.com/book/320735
https://e.lanbook.com/img/cover/book/320735.jpg
タグ: タグ追加
タグなし, このレコードへの初めてのタグを付けませんか!
LEADER 02100nam0a2200313 i 4500
001 320735
003 RuSpLAN
005 20240216150941.0
008 240216s2021 ru gs 000 0 rus
040 |a RuSpLAN 
041 0 |a rus 
044 |a ru 
080 |a 616.895.8(07) 
084 |a 56.145.51  |2 rubbk 
245 0 0 |a Современный взгляд на вопросы фармакогеномики антипсихотических препаратов в терапии шизофрении  |b учебное пособие  |c Гареева А. Э.,Джемилева Л. У.,Тимербулатов И. Ф.,Евтушенко Е. М.,Тимербулатова М. Ф. 
260 |a Уфа  |b БГМУ  |c 2021 
300 |a 80 с. 
504 |a Библиогр.: доступна в карточке книги, на сайте ЭБС Лань 
520 8 |a Учебное пособие подготовлено в соответствии с требованиями ФГОС ВО 3++ по специальности 31.05.01 «Лечебное дело», для изучения дисциплины «Психиатрия, медицинская психология» на основании рабочей программы «Психиатрия, медицинская психология» и действующего учебного плана. В пособии излагаются вопросы фармакогеномики антипсихотиков и возможности персонализации антипсихотической терапии в работе психиатра. 
521 8 |a Книга из коллекции БГМУ - Медицина 
521 8 |a СЭБ 
100 1 |a Гареева А. Э. 
700 1 |a Джемилева Л. У. 
700 1 |a Тимербулатов И. Ф. 
700 1 |a Евтушенко Е. М. 
700 1 |a Тимербулатова М. Ф. 
856 4 |u https://e.lanbook.com/book/320735 
856 4 8 |u https://e.lanbook.com/img/cover/book/320735.jpg 
953 |a https://e.lanbook.com/img/cover/book/320735.jpg 
Cannot write session to /tmp/vufind_sessions/sess_gv70s7acas3idl08hci13uk1fr